[Event "Negroponte op"]
[Site "Chalkis"]
[Date "2010.08.14"]
[Round "6"]
[White "Andriasian, Zaven"]
[Black "Atalik, Suat"]
[Result "1/2-1/2"]
[WhiteElo "2588"]
[BlackElo "2607"]
[Annotator "Atalik,S"]
[PlyCount "45"]
[EventDate "2010.08.09"]
[EventType "swiss"]
[EventRounds "9"]
[EventCountry "GRE"]
[SourceTitle "CBM 137 Extra"]
[Source "ChessBase"]
[SourceDate "2010.09.01"]
[SourceVersion "1"]
[SourceVersionDate "2010.09.01"]
[SourceQuality "1"]

1. e4 e5 2. Nf3 Nc6 3. Bb5 Nf6 4. O-O Nxe4 5. d4 Nd6 {I have also picked up
the Berlin Wall!} 6. Bxc6 dxc6 7. dxe5 Nf5 8. Qxd8+ Kxd8 9. Nc3 Ke8 $5 10. h3 (
10. Re1 $6 Bb4 11. Bd2 Be6 12. a3 Bxc3 13. Bxc3 h6 14. Rad1 c5 $11) (10. Bf4
Be6 11. Rad1 h6 12. a3 Rd8 13. h3 Be7 $132) (10. Ne4 {It is very doubtful if
the knight belongs to e4.} Be6 11. Re1 h6 12. h3 (12. g4 Ne7 13. h3 Rd8 14. Ng3
c5 15. Nh5 Nd5 16. a3 a5 17. Bd2 a4 18. Rad1 b5 $13) 12... Rd8 $132) (10. Ne2 {
This one is a real move.} Ne7 (10... b6 11. Nf4 Bb7 12. Rd1 Rd8 13. Rxd8+ Kxd8
14. g4 Ne7 15. Ng5 Ke8 $11) (10... Be7 11. h3 Nh4 12. Nxh4 Bxh4 $14) 11. h3 Ng6
12. b3 a5 13. a4 h5 $13) (10. b3 a5 11. Bb2 Bb4 12. Ne4 a4 13. a3 Be7 14. b4
Be6 $132 {probes some weaknesses in the queenside.}) (10. Rd1 Ne7 $5 11. Nd4
Ng6 12. f4 Bc5 13. Ne4 Bxd4+ 14. Rxd4 Bf5 15. Be3 $14) (10. Bd2 {It is not
clear why this move has never been tried.} Be6 11. Ng5 Nd4 12. Nxe6 fxe6 13.
Rac1 Bb4 {may well be the reason.}) (10. a3 $5 Be6 11. Bf4 h6 12. Rad1 Rd8 13.
h3 Be7 14. Rfe1 Nh4 15. Nxh4 (15. Nd4 $2 Bxh3) 15... Bxh4 $14 {is possible.})
10... Be6 $5 {I am happy with this combination of moves.} 11. b3 $5 {Usually
White does not go for this.} (11. g4 Ne7 12. Ng5 (12. Nd4 Bd7 13. Re1 h5 14. e6
fxe6 15. Nxe6 Bxe6 16. Rxe6 hxg4 17. hxg4 Kd7 18. Re2 Nd5 19. Ne4 Bd6 20. c4
Nf6 $132 {is similar to the game.}) 12... Bc4 (12... Bd7 13. Rd1 Rd8) (12...
Bc8 $5 13. Bd2 h6 14. Nge4 h5 15. f3 Ng6 $132) 13. Re1 Nd5 14. Bd2 h6 15. Nge4
h5 16. Kg2 hxg4 17. hxg4 Rd8 18. b3 Nxc3 19. Bxc3 Be6 20. Kg3 Be7 21. Rad1 Rxd1
22. Rxd1 Bd5 $132) (11. Bf4 Bb4 $132) 11... a5 $5 {Which one to play first?} (
11... Bb4 12. Bb2 (12. Ne2 Bd5) 12... Bxc3 13. Bxc3 Bd5 14. Ne1 (14. Nd2 c5)
14... h5 $11) 12. g4 Ne7 $6 {This is a dangerous retreat.} (12... Bb4 $142 13.
Bb2 ({For some reason I was worried about} 13. gxf5 $2 Bxc3 14. fxe6 Bxa1 15.
Bd2 Bb2 $19) (13. Ne4 $6 Bd5 14. Ned2 Bc3 $15) 13... Bxc3 14. Bxc3 Ne7 15. Kg2
Nd5 16. Bd2 c5 $11) 13. Nd4 {White also had a choice.} (13. Ng5 $142 $5 Bc8 (
13... Bd7 14. Rd1 Rd8 (14... Nd5 15. Nxd5 cxd5 16. Rxd5 Bc6 17. Rd3 h6 18. Nf3
Be4 19. Re3 Bxc2 20. Nd4 Bh7 21. Bb2 Bc5 22. Rc1 b6 $132) 15. f4 (15. Ba3 h5
16. f3 hxg4 17. hxg4 f6 18. e6 fxg5 19. exd7+ Rxd7 20. Rxd7 Kxd7 21. Ne4 Nd5
$132) 15... h5 16. f5 hxg4 17. hxg4 Rh4 18. e6 fxe6 19. fxe6 Rxg4+ 20. Kf2 Bc8
21. Rxd8+ Kxd8 $13 {is playable.}) 14. f4 h5 (14... f6 $2 15. exf6 gxf6 16. Bb2
$3 fxg5 17. Ne4 $18) 15. f5 Nd5 16. Nxd5 cxd5 17. Kg2 Be7 $14) 13... Bd7 14.
Bf4 $5 (14. f4 h5 15. f5 hxg4 16. hxg4 Rh4 17. Rf4 Nd5 18. Nxd5 cxd5 $11) (14.
Re1 h5 15. e6 fxe6 16. Nxe6 Bxe6 17. Rxe6 Kd7 18. Re2 hxg4 19. hxg4 Nd5 20. Ne4
Bd6 21. c4 Nf6 $11) 14... h5 15. f3 hxg4 {I have felt that I had to rush with
this exchange.} (15... Nd5 16. Nxd5 cxd5 17. Kg2 $11) (15... Ng6 16. Bg3 Bc5
17. Rad1 (17. Nce2 Kf8) 17... Rd8 18. Ne4 Bb6 19. c3 $14) 16. hxg4 Nd5 17. Nxd5
cxd5 18. e6 $5 (18. a4 Bc5 19. c3 Ra6 $40) 18... Bxe6 (18... fxe6 19. Bxc7) 19.
Bxc7 (19. Nb5 Kd7) 19... Bc5 20. Rad1 (20. c3 Kd7 21. Bf4 Bxd4+ 22. cxd4 $11)
20... Kd7 {I have thought quite a long time here.} (20... Rc8 $5 21. Bxa5 Bxd4+
22. Rxd4 Rxc2 23. Rd2 (23. Rf2 $2 Rh1+ $1 24. Kxh1 Rxf2 $17) 23... Rxd2 24.
Bxd2 d4 25. Rd1 Bd5 26. Kg2 Kd7 27. Bb4 Ra8 28. a3 Bxb3 29. Rxd4+ $11) 21. Bf4
Rhc8 22. Rf2 b5 23. Kg2 {The position is equal.} (23. Kg2 b4 24. Re2 Bxd4 25.
Rxd4 Rc6 26. a3 Rac8 (26... bxa3 27. c4) 27. axb4 Rxc2 28. Rxc2 Rxc2+ 29. Kg3
axb4 30. Rxb4 Kc6 $11) 1/2-1/2

[Event "Sigeman & Co 12th"]
[Site "Malmo/Copenhagen"]
[Date "2004.05.03"]
[Round "4"]
[White "Rozentalis, Eduardas"]
[Black "Aagaard, Jacob"]
[Result "1-0"]
[WhiteElo "2619"]
[BlackElo "2400"]
[Annotator "Atlas,V"]
[PlyCount "63"]
[EventDate "2004.04.30"]
[EventType "tourn"]
[EventRounds "9"]
[EventCountry "SWE"]
[EventCategory "13"]
[SourceTitle "CBM 101"]
[Source "ChessBase"]
[SourceDate "2004.07.27"]
[SourceVersion "1"]
[SourceVersionDate "2004.07.27"]
[SourceQuality "1"]

1. e4 e5 2. Nf3 Nc6 3. Bb5 Nf6 4. O-O Nxe4 5. d4 Nd6 6. Bxc6 dxc6 7. dxe5 Nf5
8. Qxd8+ Kxd8 9. Nc3 Bd7 10. b3 Kc8 11. Bb2 Be7 12. Ne4 c5 13. h3 Bc6 14. Rfe1
h5 15. Nfg5 Rf8 16. Rad1 a5 17. a4 c4 18. g4 Nh4 19. Re3 Ng2 20. Rc3 hxg4 21.
hxg4 Nf4 $2 ({Not the best choice. Better was Nicht die beste Wahl. Stärker war
} 21... Nh4 {, and it seems risky to capture the c4-pawn: , wonach das
Schlagen des c-Bauern riskant erscheint:} 22. Rxc4 Bxg5 23. Nxg5 Nf3+ 24. Nxf3
Bxf3 25. Rd3 ({Of course, not natürlich nicht} 25. Rdd4 $4 Rh8 {, with
inevitable mate. mit undeckbarem Matt.}) 25... Be2 26. Rf4 Bxd3 27. cxd3 Ra6
28. Ba3 Re8 29. Rxf7 Rb6 {, and the compensation for the exchange is
insufficient. , und die Kompensation für die Qualität ist nicht ausreichend.})
22. Rxc4 Bxg5 23. Nxg5 Rh8 24. f3 Nh3+ 25. Nxh3 Rxh3 26. Rd3 $1 {The most
convincing way to retain White's advantage. Der überzeugendste Weg, den weißen
Vorteil zu behaupten.} Rxf3 (26... Bxf3 $2 {loses after verliert nach} 27. Kf2)
(26... Ra6 {falls short of scheitert an} 27. Rf4 Be8 28. Rfd4 $1 {, winning.
mit Gewinn.}) 27. Rxf3 Bxf3 {[%tqu "En","Black has restored the material
balance, but his pieces lack coordination. How can White exploit this?",
"Expoit the weakness of Black's back rank.","Sacrifice your pawn to open the
f-file!","e5e6","This strong move decides the game for White.",6,"De","Schwarz
hat das materielle Gleichgewicht wiederhergestellt, aber seinen Figuren
mangelt es an Koordination. Wie kann Weiß dies ausnutzen?","Schlagen Sie
Kapital aus der schwarzen Grundreihenschwäche.","Opfern Sie einen Bauern, um
die f-Linie zu öffnen!","e5e6","Dieser starke Zug entscheidet die Partie für
Weiß.",6]} 28. e6 $1 {[%csl Ra8,Gc4,Rc8,Rf3,Rf8] After this thematic blow
Black is doomed. Nach diesem Themazug ist Schwarz verloren.} (28. Rf4 {is
strongly met by findet die starke Erwiderung} Bd5 {, with equality. mit
Ausgleich.}) 28... Bd5 $2 (28... fxe6 {fails to scheitert an} 29. Rf4 Bd5 30.
Rf8+ {, winning the rook. mit Turmgewinn.}) (28... f6 {was more stubborn,
although after war zäher, wenngleich nach} 29. Rf4 Bd5 (29... Bc6 30. g5 {
, winning.}) 30. e7 Bc6 31. g5 {White has excellent winning prospects. Weiß
vorzügliche Gewinnaussichten hat.}) 29. e7 $1 {Winning a piece and the game.
Gewinnt eine Figur und die Partie.} Kd7 30. Rd4 Ke6 ({Or Oder} 30... c6 31. c4
{, winning the bishop. mit Läufergewinn.}) 31. c4 Bc6 32. Rd8 {, and Black
resgined in view of the loss of his bishop. und Schwarz gab auf, denn er
verliert seinen Läufer.} 1-0

[Event "SCG-ch 1st"]
[Site "Kopaonik"]
[Date "2005.04.02"]
[Round "1"]
[White "Djukic, Nikola"]
[Black "Pavlovic, Milos"]
[Result "1-0"]
[WhiteElo "2509"]
[BlackElo "2475"]
[Annotator "Atlas,V"]
[PlyCount "79"]
[EventDate "2005.04.02"]
[EventType "tourn"]
[EventRounds "13"]
[EventCountry "YUG"]
[EventCategory "11"]
[SourceTitle "CBM 107"]
[Source "ChessBase"]
[SourceDate "2005.08.01"]
[SourceVersion "1"]
[SourceVersionDate "2005.08.01"]
[SourceQuality "1"]

1. e4 e5 2. Nf3 Nc6 3. Bb5 Nf6 4. O-O Nxe4 5. d4 Nd6 6. Bxc6 dxc6 7. dxe5 Nf5
8. Qxd8+ Kxd8 9. Nc3 a5 10. b3 Ke8 11. h3 Bb4 12. Ne4 Be6 13. c4 a4 14. Bb2 h5
15. Nfg5 axb3 16. axb3 Ke7 17. g4 hxg4 18. hxg4 Nh6 19. f3 Rhd8 20. Rxa8 Rxa8
21. Ra1 Rxa1+ 22. Bxa1 Bc8 23. Kf2 Ng8 24. Nh7 b6 25. Bd4 c5 26. Be3 Ke8 27.
Bg5 Ne7 $2 ({This natural but imprudent move is severely punished by White.
After} 27... Bb7 {Black would retain good counterchances.}) {[%tqu "En",
"Black's last move looks reasonable, but in fact it's a very bad slip. How to
punish Black for it?","Exploit a shaky position of Black's e7-knight.",
"Sacrifice your knight!","e4f6","This nice sacrifice yields White a decisive
advantage.",5]} 28. Nef6+ $1 {[%csl Re7,Re8,Gf6,Gg5,Gh7][%cal Gg5e7] White
doesn't miss his chance! This remarkable sacrifice wins a pawn and the game.}
gxf6 (28... Kd8 {fails to} 29. Nd5 {, winning immediately.}) 29. Nxf6+ Kd8 ({Or
} 29... Kf8 30. Bh6#) 30. Nd5 Be6 31. Bxe7+ Kd7 32. Bg5 {The ending is easily
won for White.} Kc6 33. Nf4 Bc8 34. Ke2 b5 35. Kd3 Be1 36. Nd5 Be6 37. Nf6
bxc4+ 38. bxc4 Bc8 39. Ne4 Bb4 40. Be3 {, with the decsive threat 41.Ng5.} 1-0

[Event "POL-ch 57th"]
[Site "Plock"]
[Date "2000.05.09"]
[Round "12"]
[White "Kuczynski, Robert"]
[Black "Grabarczyk, Miroslaw"]
[Result "1-0"]
[WhiteElo "2451"]
[BlackElo "2522"]
[Annotator "Baburin,A"]
[PlyCount "81"]
[EventDate "2000.04.28"]
[EventType "tourn"]
[EventRounds "13"]
[EventCountry "POL"]
[EventCategory "10"]
[SourceTitle "CBM 078"]
[Source "ChessBase"]
[SourceDate "2000.10.18"]
[SourceVersion "1"]
[SourceVersionDate "2000.10.18"]
[SourceQuality "1"]

1. e4 e5 2. Nf3 Nc6 3. Bb5 Nf6 4. O-O Nxe4 5. d4 Be7 6. Qe2 Nd6 7. Bxc6 bxc6 8.
dxe5 Nb7 9. Nc3 O-O 10. Re1 Re8 11. Qc4 Nc5 12. Ng5 $5 Bxg5 13. Bxg5 Qxg5 14.
Qxc5 Bb7 15. Qb4 Rab8 16. Ne4 $1 {[%csl Gb7,Rc5] White needs to control the
c5-square in order to keep the enemy bishop passive.} Qg6 (16... Qxe5 17. Nc5
Qd6 18. Red1 Qf8 19. Rxd7 Re5 20. Nd3 $16) 17. Nc5 Ba8 18. Qc3 d6 19. Na6 c5
20. f3 Rbc8 {[%tqu "En","How would you continue?","Try to use the existing
tension on the e-file.","Exploit some weakness of Black's back rank and the
fact that his queen and bishop are idle.","a6c7","This is a true little
combination a la Capablanca!",8]} 21. Nxc7 $3 {This is a true little
combination a la Capablanca!} Red8 (21... Rxc7 22. exd6 Rcc8 23. d7 Rxe1+ 24.
Rxe1 Rf8 25. Qxc5 Qb6 26. Qxb6 axb6 27. Re8 $18) 22. Nxa8 Rxa8 23. Rad1 dxe5
24. Qxc5 Rdc8 25. Qxe5 Qxc2 26. Rd7 Rf8 27. a3 a5 28. h4 $1 Rab8 $2 {[%tqu
"En","Black's previous move was a serious mistake. How to punish it?","Use the
shaky position of the b8-rook.","Use your active d7-rook.","d7f7","Yet another
crash on the f7-square!",3]} 29. Rxf7 $1 Qg6 (29... Kxf7 30. Qe6#) (29... Rxf7
30. Qxb8+) 30. Rxf8+ Rxf8 31. Qxa5 h6 32. Qe5 Qb6+ 33. Kh2 Qf2 34. Kh3 Rf6 35.
Re2 Qf1 36. Kh2 Rf8 37. Rc2 Rf6 38. h5 Qa6 39. Rc7 Qa4 40. Rc8+ Kh7 41. Qe4+
1-0

[Event "Krasnodar"]
[Site "Krasnodar"]
[Date "1995.??.??"]
[Round "7"]
[White "Berelowitsch, Alexander"]
[Black "Aleksandrov, Aleksej"]
[Result "1-0"]
[WhiteElo "2485"]
[BlackElo "2510"]
[Annotator "Belov,I"]
[PlyCount "115"]
[EventDate "1995.??.??"]
[EventType "tourn"]
[EventRounds "9"]
[EventCountry "RUS"]
[EventCategory "9"]
[SourceTitle "CBM 047 Extra"]
[Source "ChessBase"]
[SourceDate "1995.09.01"]
[SourceVersion "1"]
[SourceVersionDate "1995.09.01"]
[SourceQuality "1"]

1. e4 e5 2. Nf3 Nc6 3. Bb5 Nf6 4. O-O Nxe4 5. d4 Nd6 6. Bxc6 dxc6 7. dxe5 Nf5
8. Qxd8+ Kxd8 9. Nc3 Be6 (9... h6 10. b3 Be6 11. Bb2 Ke8 12. Ne2 Bd5 13. Nfd4
Nxd4 14. Nxd4 Bc5 15. Rad1 Bxd4 16. Rxd4 Be6 $10 {Vokac,M-Keitlinghaus,L/Lazne
Bohdanec/1995/0:1/60/}) 10. Rd1+ Kc8 (10... Ke8 11. Ng5 (11. b3 Bb4 12. Bb2
Bxc3 13. Bxc3 Rd8 14. Ng5 c5 15. Rxd8+ Kxd8 16. Rd1+ Ke7 $10 {Arakhamia,
K-Panno,O/Aruba/1992/0:1/50/}) 11... Bc8 (11... Bc4 12. b3 Bb4 13. bxc4 $1 Bxc3
14. Rb1 b6 15. g4 Nh4 16. f4 h6 17. Ne4 $14 {Dvoirys,S-Aleksandrov,A/Smolensk/
1991/1:0/39/}) (11... Be7 12. Nxe6 fxe6 13. Ne4 Rd8 14. Rxd8+ Bxd8 15. c3 $14 {
Polgar,J-Smyslov,V/Monako/1994/1:0/50/}) 12. h3 Be7 13. b3 h5 14. Nce4 f6 15.
exf6 gxf6 16. Bb2 Rh6 $13 {Dvoirys,S-Ionov,S/Cheliabinsk/1991/0:1/50/}) 11. g4
Ne7 12. h3 Ng6 (12... h5 $5 13. Nd4 Ng6 14. Nxe6 fxe6 15. Re1 Be7 $10) 13. Kh2
$1 h5 14. Kg3 hxg4 15. hxg4 f6 16. Nd4 $1 (16. exf6 $6 Bd6+ 17. Kg2 gxf6 18.
Ne4 Bd5 19. Nxd6+ cxd6 20. Kg3 Kc7 21. Be3 Rag8 $10) 16... Bf7 (16... Bg8 $5
17. exf6 Bd6+ 18. f4 gxf6 19. Nf5 $14) 17. e6 c5 (17... Bg8 18. Re1 Bd6+ 19. f4
Ne7 20. Ne4 $16) 18. exf7 cxd4 19. Rxd4 Ne5 20. Bf4 Nxf7 21. Re1 $16 Bc5 22.
Rc4 b6 (22... Bd6 $5 23. Nd5 Bxf4+ 24. Nxf4 (24. Kxf4 c6 25. Ne7+ (25. Re7 Ne5
26. Rc7+ Kb8 27. Rb4 b6 $19) 25... Kc7 26. Nf5 (26. Nxc6 Nd6 27. Re7+ Kb6 $146)
26... Ne5 27. Rd4 g5+ 28. Kg3 Rhd8 $10) 24... Ne5 25. Rd4 $14) 23. Rxc5 $1 bxc5
24. Re7 Ne5 (24... Nd6 25. Nd5 Ne8 26. Nxc7 Nxc7 27. Rxc7+ Kd8 28. Rxg7 $16)
25. Bxe5 fxe5 26. Rxg7 (26. Nd5 c6 (26... Rd8 27. Nxc7 Rb8 28. Ne6 Rxb2 $8 29.
Nxd8 Kxd8 30. Rxg7 Rxa2 $16) 27. Rc7+ Kd8 28. Rxc6 Rc8 29. Rd6+ Ke8 30. Re6+
Kf7 31. Rxe5 Rhe8 $14) 26... Kb7 27. Nd5 Kc6 28. c4 Rab8 29. b3 Kd6 30. Rg6+ (
30. Nxc7 $5 Rhg8 31. Nb5+ Ke6 32. Rxa7 $18) 30... Kd7 31. Rg7+ Kc6 32. Rg6+ (
32. Rxc7+ Kd6 33. g5 $16) 32... Kd7 33. g5 $6 c6 34. Nf6+ Ke6 35. Rg7 Rh1 (
35... Kf5 36. Ng4 Rh1 37. Nh6+ Ke6 38. Rg6+ Kd7 39. Ng4 Rg1+ 40. Kf3 Rf8+ 41.
Nf6+ Ke6 $14) 36. Ne4 $1 Rbh8 37. Kf3 $1 Rf8+ 38. Ke2 Rh4 39. Ke3 Rff4 40. f3
Rh3 41. Nxc5+ Kd6 42. Nb7+ Ke6 43. Nd8+ Kf5 $2 (43... Kd6 44. Nf7+ Ke6 45. Nd8+
Kd6 46. Rg6+ Kd7 47. Nxc6 Rhxf3+ 48. Ke2 Rf2+ 49. Kd3 R2f3+ 50. Kc2 Re4 $13)
44. Rf7+ Kg6 (44... Kxg5 45. Ne6+ Kg6 46. Rxf4 $18) 45. Rxf4 exf4+ 46. Kxf4 $18
c5 47. Ne6 Rh4+ 48. Ke5 Rh2 49. Nxc5 Rxa2 50. Ne4 (50. f4 $6 Rf2 51. Ne6 Re2+
52. Kd6 Rd2+ 53. Ke7 Kf5 $132) 50... Rb2 51. c5 Rxb3 52. f4 a5 53. c6 Rb8 54.
c7 Rc8 55. Nc5 $6 (55. Kd6 Kf5 56. Kd7 Rxc7+ 57. Kxc7 Kxe4 58. g6 $18) 55...
Kh5 $2 (55... Rxc7 56. f5+ Kf7 57. g6+ Kg8 58. Ne6 Ra7 59. f6 a4 60. Nd8 a3 (
60... Ra6 61. f7+ Kg7 62. Ne6+ Rxe6+ 63. Kxe6 a3 64. Ke7 $18) 61. f7+ Rxf7 62.
gxf7+ Kg7 63. Ke6 a2 64. Ke7 a1=Q 65. f8=Q+ Kg6 $16) 56. Ne6 Kg4 57. g6 a4 58.
g7 1-0

[Event "New York op"]
[Site "New York"]
[Date "1998.03.21"]
[Round "8"]
[White "Bologan, Viktor"]
[Black "Aleksandrov, Aleksej"]
[Result "0-1"]
[WhiteElo "2580"]
[BlackElo "2615"]
[Annotator "Bologan,V"]
[PlyCount "120"]
[EventDate "1998.03.16"]
[EventType "swiss"]
[EventRounds "9"]
[EventCountry "USA"]
[SourceTitle "CBM 064"]
[Source "ChessBase"]
[SourceDate "1998.06.02"]
[SourceVersion "1"]
[SourceVersionDate "1998.06.02"]
[SourceQuality "1"]

1. e4 e5 2. Nf3 Nc6 3. Bb5 Nf6 4. O-O Nxe4 5. d4 Nd6 6. Bxc6 dxc6 7. dxe5 Nf5
8. Qxd8+ Kxd8 9. h3 Ke8 10. Nc3 $1 (10. b3 a5 $1 11. a4 Bb4 12. Bb2 Be6 13. Rd1
Bd5 (13... Rd8 $142 $11) 14. Nbd2 Rd8 (14... Bxd2 $5 15. Nxd2 c5 $10) 15. c3 $1
{0-1 Kuzmin,G-Aleksandrov,A/Nikolaev zt 1995/CBM 47 (58) [Wedberg]}) 10... a5
11. Re1 $5 Bb4 12. Bd2 Be6 13. a3 Bxc3 14. Bxc3 c5 (14... h5 $1 {Prophylaxe})
15. g4 $1 Ne7 16. Kh2 Kd7 $1 {Der König verteidigt den Damenflügel} 17. Ng5 h6
18. Ne4 Kc6 19. f4 g6 20. Bd2 $1 {[%cal Ye3c5]} b6 21. Be3 Nd5 22. Kg3 Rad8 23.
Bf2 c4 24. Rad1 b5 25. Rd4 Ne7 26. c3 Rxd4 27. Bxd4 {[%cal Yf4f5]} Rb8 28. Nc5
Ra8 29. Rf1 Rg8 30. Kf2 Nd5 31. Kf3 Ne7 32. Ke3 Rh8 33. Kf3 Bd5+ 34. Kg3 Rg8
35. Re1 Be6 36. Re2 Rd8 37. Rd2 Rg8 38. Bf2 Bd5 39. Re2 Be6 40. Rd2 Bd5 41. Rd1
Ra8 42. Be3 Rb8 43. Rf1 Rg8 44. Kh4 $1 Be6 45. Bd4 Ra8 46. Ne4 $6 (46. Rf2 $5 {
[%cal Gf2b2]}) 46... b4 47. axb4 (47. Ng3 $5 bxa3 48. bxa3 Rb8 49. f5 Bd5 50.
e6 gxf5 51. exf7 f4 52. Kh5 Bxf7+ 53. Kxh6 fxg3 54. Rxf7 Nd5 55. Rf3 $14) 47...
axb4 48. Ng3 b3 49. f5 Bd5 50. e6 gxf5 51. exf7 $4 (51. gxf5 $142 fxe6 52. f6
Nf5+ 53. Nxf5 exf5 54. Kh5 Be6 55. Kxh6 $16) 51... f4 $1 (51... Bxf7 52. Nxf5
Nxf5+ 53. Rxf5 $16) 52. Kh5 (52. Rxf4 Ng6+ $17) 52... Bxf7+ 53. Kxh6 fxg3 54.
Rxf7 Nd5 55. g5 (55. Rf3 Ra2 56. Rxg3 (56. g5 Rxb2 57. g6 Rh2 58. g7 Rxh3+ 59.
Kg5 Ne7 60. Rf1 g2 61. Rg1 b2 62. Rb1 Rh1 63. Rxb2 g1=Q+ 64. Bxg1 Rxg1+ 65. Kf6
Kd7 $19) 56... Rxb2 57. g5 Rc2 58. Rg1 Nxc3 59. g6 Nd5 60. g7 Ne7 $17 61. Rg6+
$145 $11 Kd5 (61... Kd7 62. Bf6 Ng8+ 63. Kh7 Nxf6+ 64. Rxf6 Rg2 65. Rf7+ (65.
Rg6 Rxg6 66. Kxg6 b2 67. g8=Q b1=Q+ $17)) 62. Bf6 Nf5+ (62... Ng8+ 63. Kh7
Nxf6+ 64. Rxf6 Rg2 65. Rg6 Rxg6 66. Kxg6 b2 67. g8=Q+ $18) 63. Kg5 Nxg7 64.
Rxg7 b2 65. Bxb2 Rxb2 66. Rxc7 $11) 55... g2 56. g6 Rh8+ 57. Rh7 Re8 58. g7 Ne3
59. g8=Q Rxg8 60. Bxe3 Rg3 $1 0-1